000 00780cam a2200229 4500
001 B1697
008 090401t1977 xxu||||| |||| 00| 0 eng d
035 _a(Sirsi) u45834
041 _aeng
050 _a333.335
110 _aMinistry of Agriculture
_91876
245 _aAgricultural land prices in England and Wales. - 1966/69 - 1975/76
260 _aPinner,Mdx
_bMinistry of Agriculture, Fisheries and F
_c1969-1977
300 _a10v. ; 30cm.
350 _a2
490 _aTechnical report
_v20
520 _aProduced jointly with the Agricultural Land Service , after 1970 Agricultural Development and Advisory Service . - Superseded by new series Booklet 2320 q.v.
650 _aFARM LAND
710 _aFisheries and Food
_91879
942 _n0
948 _c04/03/1997
999 _c91832
_d91832